Statistiques concernant Les pays européens traversés par le Rhin

Cliquez ici pour prendre le quiz!

Statistiques générales

  • Ce quiz a été pris 116 fois
  • Le résultat moyen est 5 sur 6

Statistiques - réponses

Pays% Correct
Allemagne
100%
France
98%
Suisse
97%
Autriche
93%
Pays Bas
88%
Liechtenstein
70%

Distribution des résultats

Percentile par nombre de réponses

% des personnes avec chaque résultat

Votre développement - résultats

Vous n’avez pas pris ce quiz